000 00385nam a2200157Ia 4500
008 210716s2005 xx 000 0 und d
020 _a8126506199
041 _aeng
082 _a004.602 VALJ
100 _aValade, Janet.
245 _aPhp5 and mysql projects.
250 _a1
260 _aNew Delhi
_bWiley India Pvt Ltd
_c2005
300 _axii,436
650 _aPHP Programming
999 _c187763
_d187763